Where has all the education gone in Sub-Saharan Africa? Employment and other outcomes among secondary school and university leavers (Record no. 76698)

000 -LEADER
fixed length control field 00548pab a2200181 454500
008 - FIXED-LENGTH DATA ELEMENTS--GENERAL INFORMATION
fixed length control field 180718b2007 xxu||||| |||| 00| 0 eng d
100 ## - MAIN ENTRY--PERSONAL NAME
Personal name Al-Samarrai, Samer
245 ## - TITLE STATEMENT
Title Where has all the education gone in Sub-Saharan Africa? Employment and other outcomes among secondary school and university leavers
260 ## - PUBLICATION, DISTRIBUTION, ETC.
Date of publication, distribution, etc. 2007
300 ## - PHYSICAL DESCRIPTION
Extent p.1270-300
362 ## - DATES OF PUBLICATION AND/OR SEQUENTIAL DESIGNATION
Dates of publication and/or sequential designation Oct
650 ## - SUBJECT ADDED ENTRY--TOPICAL TERM
Topical term or geographic name entry element Education - Sub-Saharan Africa
650 ## - SUBJECT ADDED ENTRY--TOPICAL TERM
Topical term or geographic name entry element Education
700 ## - ADDED ENTRY--PERSONAL NAME
Personal name Bennell, Paul
773 ## - HOST ITEM ENTRY
Main entry heading Journal of Development Studies
908 ## - PUT COMMAND PARAMETER (RLIN)
Put command parameter N
909 ## -
-- 76698
Holdings
Withdrawn status Lost status Damaged status Not for loan Permanent Location Current Location Date acquired Serial Enumeration / chronology Barcode Date last seen Price effective from Koha item type
        Indian Institute of Public Administration Indian Institute of Public Administration 2018-07-19 Volume no: 43, Issue no: 7 AR77158 2018-07-19 2018-07-19 Articles

Powered by Koha